The study on the household livelihood of self-help group of padek programe in krang svay commune, preah sdach district , preyveng province, ការសិក្សាអំពីកម្រិតជីវភាពប្រជាជនសមាជិកក្រុមជួយខ្លួនឯងតាមរយៈកម្មវិធីរបស់អង្គការប៉ាដិក ក្នុងឃុំក្រំាងស្វាយ ស្រុកព្រះស្ដេច ខេត្តព្រៃវែង (Record no. 7587)

000 -LEADER
fixed length control field 00923nam a22001577a 4500
003 - CONTROL NUMBER IDENTIFIER
control field OSt
005 - DATE AND TIME OF LATEST TRANSACTION
control field 20160316092648.0
008 - FIXED-LENGTH DATA ELEMENTS--GENERAL INFORMATION
fixed length control field 160316b xxu||||| |||| 00| 0 eng d
040 ## - CATALOGING SOURCE
Transcribing agency RUA
082 ## - DEWEY DECIMAL CLASSIFICATION NUMBER
Classification number AED EAN 2011 B471 Or.1
100 ## - MAIN ENTRY--PERSONAL NAME
9 (RLIN) 7992
Personal name EANG CHANTHA ; អ៊ាង ចន្ថា
245 ## - TITLE STATEMENT
Title The study on the household livelihood of self-help group of padek programe in krang svay commune, preah sdach district , preyveng province, ការសិក្សាអំពីកម្រិតជីវភាពប្រជាជនសមាជិកក្រុមជួយខ្លួនឯងតាមរយៈកម្មវិធីរបស់អង្គការប៉ាដិក ក្នុងឃុំក្រំាងស្វាយ ស្រុកព្រះស្ដេច ខេត្តព្រៃវែង
260 ## - PUBLICATION, DISTRIBUTION, ETC. (IMPRINT)
Place of publication, distribution, etc. Phnom Penh
Name of publisher, distributor, etc. RUA
Date of publication, distribution, etc. 2011
300 ## - PHYSICAL DESCRIPTION
Extent x ;56p.
Other physical details ill.
Dimensions 29cm.
942 ## - ADDED ENTRY ELEMENTS (KOHA)
Source of classification or shelving scheme
Koha item type AED
Holdings
Price effective from Date last seen Permanent Location Not for loan Date acquired Source of classification or shelving scheme Koha item type Barcode Lost status Damaged status Shelving location Withdrawn status Current Location Full call number
2016-03-162016-03-16Library Block B 2016-03-16 AEDRUA058260  B471 Library Block BAED EAN 2011 B471 Or.1
មជ្ឈមណ្ឌលឯការនៃសាកលវិទ្យាល័យភូមិន្ទកសិកម្មចំការដូង

Powered by Koha